|
|
|
|
| LEADER |
01372nam a2200289 a 4500 |
| 001 |
2439325 |
| 008 |
100209r1989 nyua b 001 0 eng d |
| 010 |
|
|
|a \\\88045891
|
| 020 |
|
|
|a 0060390697 :
|c $25.00
|
| 040 |
|
|
|a DLC
|c DLC
|d DLC
|d BD-DhAAL
|
| 082 |
0 |
0 |
|a 575/.016
|2 20
|
| 100 |
1 |
|
|a Crawford, Michael,
|d 1930-
|
| 245 |
1 |
4 |
|a The driving force :
|b food, evolution, and the future /
|c Michael Crawford and David Marsh.
|
| 250 |
|
|
|a 1st U.S. ed.
|
| 260 |
|
|
|a New York :
|b Harper & Row,
|c c1989 [reprinted].
|
| 300 |
|
|
|a xiv, 298 p. :
|b ill. ;
|c 25 cm.
|
| 500 |
|
|
|a "A Cornelia & Michael Bessie book."
|
| 500 |
|
|
|a "Originally published in 1989 in Great Britain by William Heinemann Ltd."--T.p. verso.
|
| 504 |
|
|
|a Includes bibliographical references (p. [259]-281) and index.
|
| 541 |
1 |
|
|e 00004909
|
| 650 |
|
0 |
|a Evolution (Biology)
|
| 650 |
|
0 |
|a Nutrition.
|
| 700 |
1 |
|
|a Marsh, David
|q (David E. L.)
|
| 852 |
4 |
|
|a Ayesha Abed Library
|j General Shelf
|
| 999 |
|
|
|c 7410
|d 7410
|
| 952 |
|
|
|0 0
|1 0
|2 ddc
|4 0
|6 575_016000000000000_CRA_1989
|7 0
|9 7932
|a BRACUL
|b BRACUL
|c GEN
|d 2010-02-09
|g 0.00
|l 1
|m 29
|o 575.016 CRA
|p 3010004909
|r 2019-10-19
|s 2019-03-03
|t 1
|w 2010-02-09
|y BK
|z Not price in Register
|
| 952 |
|
|
|0 0
|1 0
|2 ddc
|4 0
|6 575_016000000000000_CRA_1989
|7 0
|9 11042
|a BRACUL
|b BRACUL
|c GEN
|d 2010-06-17
|g 0.00
|l 1
|m 6
|o 575.016 CRA
|p 3010004894
|r 2023-08-27
|s 2023-07-09
|t 2
|w 2010-06-17
|y BK
|z Not price in Register
|